Central Library OPAC University of Rajshahi

Reflections on the Revolution in France / (Record no. 26016)

MARC details
000 -LEADER
fixed length control field 00979cam a2200277 a 4500
001 - CONTROL NUMBER
control field 26016
003 - CONTROL NUMBER IDENTIFIER
rucl marc code BD-RjUL
005 - DATE AND TIME OF LATEST TRANSACTION
control field 20211209050947.0
008 - FIXED-LENGTH DATA ELEMENTS--GENERAL INFORMATION
fixed length control field 140320r19501790inu b 000 0 eng d
035 ## - SYSTEM CONTROL NUMBER
System control number (BD-RjUL)26086
040 ## - CATALOGING SOURCE
Original cataloging agency DLC
Transcribing agency DLC
Modifying agency DLC
-- BD-RjUL
Language of cataloging eng
041 ## - LANGUAGE CODE
Language code of text/sound track or separate title eng
082 00 - DEWEY DECIMAL CLASSIFICATION NUMBER
Classification number 944.04
Edition number 19
Author mark and year BUR 1950
100 1# - MAIN ENTRY--PERSONAL NAME
Personal name Burke, Edmund,
Dates associated with a name 1729-1797.
9 (RLIN) 79934
245 10 - TITLE STATEMENT
Title Reflections on the Revolution in France /
Statement of responsibility, etc. Edmund Burke ; edited, with introduction and notes, by J.G.A. Pocock.
260 ## - PUBLICATION, DISTRIBUTION, ETC. (IMPRINT)
Place of publication, distribution, etc. London :
Name of publisher, distributor, etc. Oxford University press,
Date of publication, distribution, etc. c1907 [Reprinted 1950]
300 ## - PHYSICAL DESCRIPTION
Pagination lvii, 375 p. ;
Size 23 cm.
500 ## - GENERAL NOTE
General note Originally published 1790.
504 ## - BIBLIOGRAPHY, ETC. NOTE
Bibliography, etc Includes bibliographies.
651 #0 - SUBJECT ADDED ENTRY--GEOGRAPHIC NAME
Geographic name France
General subdivision History
Chronological subdivision Revolution, 1789-1799
General subdivision Causes.
9 (RLIN) 76829
Geographic name France
General subdivision Politics and government
Chronological subdivision 1789-1799.
9 (RLIN) 77058
700 1# - ADDED ENTRY--PERSONAL NAME
Personal name Pocock, J. G. A.
Fuller form of name (John Greville Agard),
Dates associated with a name 1924-
942 ## - ADDED ENTRY ELEMENTS (KOHA)
Source of classification or shelving scheme Dewey Decimal Classification
Koha item type Books
Holdings
Lost status Source of classification or shelving scheme Damaged status Not for loan Collection code Permanent Location Current Location Shelving location Date acquired Source of acquisition Cost, normal purchase price Total Checkouts Full call number Date last seen Copy number Koha item type
  Dewey Decimal Classification   Added to bundle Non-fiction Central Library, University of Rajshahi Central Library, University of Rajshahi Reading Room 25/10/1954 O. U. P. 21.50   944.04 BUR 1950 20/03/2014 C-1 Books